000 00691nam a2200229Ia 4500
003 OSt
005 20220918211919.0
006 a|||||r|||| 00| 0
007 ta
008 220917b |||||||| |||| 00| 0 eng d
024 _a126,199
037 _cTextual
040 _aARTS
_cARTS
_beng
041 _2eng
_aeng
082 _aW:(R43)jN20, M7
245 0 _aLives, liberties and the public good
_b new essays in political theory for Maurice Cranston ed by George Feaver and Frederick Rosen
260 _aLondon
_bMacmillan Press
_c1987
300 _aix,272p.
_ccm.
650 _aPOLITICAL SCIENCE
942 _hW:(R43)jN20, M7
_cTEXL
_2CC
999 _c249344
_d249344